[Event "Penang op 7th"]
[Site "Penang"]
[Date "2015.12.10"]
[Round "6"]
[White "Alahakoon, Isuru"]
[Black "Chua, Xue Kai Alfred"]
[Result "1-0"]
[WhiteElo "2019"]
[BlackElo "1583"]
[PlyCount "85"]
[EventDate "2015.12.07"]
[EventType "swiss"]
[EventRounds "9"]
[EventCountry "MAS"]
[SourceTitle "CBM 169 Extra"]
[Source "ChessBase"]
[SourceDate "2015.12.18"]
[SourceVersion "1"]
[SourceVersionDate "2015.12.18"]
[SourceQuality "1"]

1. d4 Nf6 2. Nf3 g6 3. c4 Bg7 4. Nc3 0-0 5. Bg5 d6 6. e3 Nbd7 7. Be2 e5 8. Qc2 Re8 9. 0-0 exd4 10. exd4 Nb6 11. Bd3 Be6 12. d5 Bg4 13. Nd2 c6 14. h3 Bc8 15. Nde4 cxd5 16. cxd5 Bf5 17. Rae1 Bxe4 18. Nxe4 Nbxd5 19. Bc4 Nb6 20. Nxf6+ Bxf6 21. Rxe8+ Qxe8 22. Bxf6 Rc8 23. b3 d5 24. Ba1 dxc4 25. Qc3 f6 26. Qxf6 Qd7 27. Bb2 Rc6 28. Qh8+ Kf7 29. Qg7+ Ke8 30. Re1+ Re6 31. Qg8+ Ke7 32. Qxh7+ Kd8 33. Qg8+ Ke7 34. Ba3+ Kf6 35. Qh8+ Kf5 36. g4+ Kf4 37. Bc1+ Kf3 38. Qf8+ Rf6 39. Qxf6+ Qf5 40. gxf5 Nd5 41. Qxg6 Ne3 42. Rxe3+ Kf4 43. Qg4# 1-0

[Event "Penang op 7th"]
[Site "Penang"]
[Date "2015.12.09"]
[Round "5"]
[White "Chua, Xue Kai Alfred"]
[Black "Guntoro, Dodi"]
[Result "1-0"]
[WhiteElo "1583"]
[BlackElo "1865"]
[PlyCount "83"]
[EventDate "2015.12.07"]
[EventType "swiss"]
[EventRounds "9"]
[EventCountry "MAS"]
[SourceTitle "CBM 169 Extra"]
[Source "ChessBase"]
[SourceDate "2015.12.18"]
[SourceVersion "1"]
[SourceVersionDate "2015.12.18"]
[SourceQuality "1"]

1. e4 c5 2. Nf3 Nc6 3. Bb5 Qb6 4. Bxc6 Qxc6 5. Nc3 b5 6. d3 e6 7. 0-0 d6 8. Bg5 h6 9. Bh4 e5 10. Nd5 g5 11. Bg3 Bg7 12. c4 bxc4 13. dxc4 f5 14. exf5 Bxf5 15. Re1 0-0-0 16. Nd2 Be6 17. Ne4 Bxd5 18. cxd5 Qb7 19. Qd2 Nf6 20. Nxf6 Bxf6 21. Rac1 Kb8 22. Rb1 Ka8 23. Rec1 Rc8 24. Qd3 Qh7 25. Qa6 Qb7 26. Qxd6 Qb6 27. Bxe5 Qxd6 28. Bxd6 Rhd8 29. Rxc5 Rxc5 30. Bxc5 Rxd5 31. Be3 Bxb2 32. g3 Be5 33. a4 a5 34. Rb6 Rd6 35. Rb5 Bc3 36. Bb6 Rd1+ 37. Kg2 Ra1 38. Bxa5 Bd4 39. Bb6 Rxa4 40. Bxd4 Rxd4 41. Rb6 h5 42. Rb5 1-0

[Event "Penang op-A 5th"]
[Site "Penang"]
[Date "2013.12.12"]
[Round "7"]
[White "Chua, Xue Kai Alfred"]
[Black "Kah Teng, Benjamin Lee"]
[Result "1-0"]
[WhiteElo "1553"]
[BlackElo "1635"]
[PlyCount "27"]
[EventDate "2013.12.09"]
[EventType "swiss"]
[EventRounds "9"]
[EventCountry "MAS"]
[SourceTitle "CBM 157 Extra"]
[Source "ChessBase"]
[SourceDate "2013.12.19"]
[SourceVersion "1"]
[SourceVersionDate "2013.12.19"]
[SourceQuality "1"]

1. e4 e6 2. Nf3 d5 3. Nc3 Nf6 4. e5 Nfd7 5. d4 c5 6. dxc5 Bxc5 7. Bd3 Nc6 8. Bf4 0-0 9. Bxh7+ Kh8 10. Bd3 f6 11. Nh4 Ndxe5 12. Qh5+ Kg8 13. Bh7+ Kh8 14. Bg6+ 1-0

[Event "Penang op-A 5th"]
[Site "Penang"]
[Date "2013.12.11"]
[Round "4"]
[White "Frost, Peter"]
[Black "Chua, Xue Kai Alfred"]
[Result "1-0"]
[WhiteElo "1787"]
[BlackElo "1553"]
[PlyCount "87"]
[EventDate "2013.12.09"]
[EventType "swiss"]
[EventRounds "9"]
[EventCountry "MAS"]
[SourceTitle "CBM 157 Extra"]
[Source "ChessBase"]
[SourceDate "2013.12.19"]
[SourceVersion "1"]
[SourceVersionDate "2013.12.19"]
[SourceQuality "1"]

1. e4 c5 2. Nf3 d6 3. d4 cxd4 4. Nxd4 Nf6 5. Nc3 a6 6. Bc4 e6 7. Bb3 Be7 8. 0-0 0-0 9. f4 Qc7 10. Be3 Re8 11. f5 Bf8 12. Qf3 Nc6 13. Qg3 Kh8 14. Rae1 Bd7 15. Qh4 b5 16. a3 Rac8 17. g4 exf5 18. Nxf5 Nxe4 19. Bxf7 Nxc3 20. Bxe8 Rxe8 21. bxc3 Ne5 22. Bd4 Bc6 23. Re3 Ng6 24. Rxe8 Bxe8 25. Qf2 Kg8 26. h4 Qf7 27. h5 Ne5 28. Qf4 Nc4 29. h6 g6 30. Ng7 Qxf4 31. Rxf4 Nxa3 32. Nxe8 Bxh6 33. Rf6 Nxc2 34. Rxd6 a5 35. Kg2 b4 36. cxb4 axb4 37. Nf6+ Kf7 38. Ne4 Bf8 39. Rd7+ Kg8 40. Bc5 Bg7 41. Rb7 h5 42. gxh5 gxh5 43. Bxb4 Ne3+ 44. Kh3 1-0

[Event "Penang op-A 5th"]
[Site "Penang"]
[Date "2013.12.10"]
[Round "2"]
[White "Chua, Xue Kai Alfred"]
[Black "Alexander, Chan Jia Jie"]
[Result "1-0"]
[WhiteElo "1553"]
[BlackElo "1793"]
[PlyCount "127"]
[EventDate "2013.12.09"]
[EventType "swiss"]
[EventRounds "9"]
[EventCountry "MAS"]
[SourceTitle "CBM 157 Extra"]
[Source "ChessBase"]
[SourceDate "2013.12.19"]
[SourceVersion "1"]
[SourceVersionDate "2013.12.19"]
[SourceQuality "1"]

1. e4 c5 2. Nf3 d6 3. d4 cxd4 4. Nxd4 Nf6 5. Nc3 a6 6. f4 e5 7. Nb3 Nbd7 8. Qf3 b5 9. Bd3 Bb7 10. g4 b4 11. Ne2 a5 12. g5 Ng8 13. Be3 a4 14. Nd2 Be7 15. h4 h6 16. 0-0-0 Qc7 17. Kb1 a3 18. b3 Rc8 19. Nc4 Ba6 20. Bc1 Bxc4 21. Bxc4 Bf8 22. Rd2 Ne7 23. Bb5 Nc6 24. g6 f6 25. f5 Qb6 26. Qd3 Be7 27. Bc4 Nc5 28. Bf7+ Kd8 29. Qf3 Qc7 30. Rhd1 Bf8 31. Ng3 Nd4 32. Qe3 Ra8 33. Ne2 Nb5 34. Rd5 Rc8 35. Bd2 Na4 36. Rc1 Nac3+ 37. Nxc3 Nxc3+ 38. Bxc3 Qxc3 39. Qxc3 Rxc3 40. Rd3 Rc5 41. c3 Be7 42. cxb4 Rxc1+ 43. Kxc1 Kc7 44. Rc3+ Kb6 45. Bd5 Kb5 46. Rc7 Bf8 47. Rb7+ Ka6 48. Rb8 Ka7 49. Ra8+ Kb6 50. Kc2 Kb5 51. Kc3 h5 52. Rb8+ Ka6 53. b5+ Ka7 54. Ra8+ Kb6 55. Kb4 Kc7 56. Ka5 Kd7 57. b6 Be7 58. Rxh8 Bd8 59. Rxd8+ Kxd8 60. Be6 d5 61. exd5 e4 62. d6 e3 63. b7 e2 64. b8Q# 1-0

[Event "Wch U10"]
[Site "Maribor"]
[Date "2012.11.14"]
[Round "7.43"]
[White "Chua, Xue Kai Alfred"]
[Black "Wong, Yinn Long"]
[Result "0-1"]
[WhiteElo "1511"]
[BlackElo "1771"]
[PlyCount "100"]
[EventDate "2012.11.08"]
[EventType "swiss"]
[EventRounds "11"]
[EventCountry "SLO"]
[SourceTitle "EXT 2013"]
[Source "ChessBase"]
[SourceDate "2012.11.22"]
[SourceVersion "1"]
[SourceVersionDate "2012.11.22"]
[SourceQuality "1"]

1. e4 e6 2. Nf3 d5 3. Nc3 d4 4. Ne2 c5 5. Ng3 a6 6. a4 Nc6 7. Bc4 g6 8. 0-0 Bg7 9. d3 Nge7 10. Bd2 0-0 11. Ne1 Rb8 12. f4 b5 13. axb5 axb5 14. Bb3 Qb6 15. Kh1 Ba6 16. f5 c4 17. Ba2 exf5 18. exf5 Nd5 19. fxg6 fxg6 20. Rxf8+ Rxf8 21. Qe2 Ne5 22. Nf3 Nxf3 23. gxf3 Qc6 24. Re1 Nc7 25. Ne4 Kh8 26. Bb4 Re8 27. Qf2 Nd5 28. Bd2 Nb6 29. Kg2 Bb7 30. Ba5 Nd5 31. Bd2 Ra8 32. Bb1 Qc7 33. Ng5 Nf4+ 34. Kf1 Nd5 35. Ne6 Qb6 36. Nxg7 Kxg7 37. Qh4 Qf6 38. Bg5 Qxf3+ 39. Kg1 Nf6 40. Bxf6+ Kg8 41. Qg5 Qh1+ 42. Kf2 Qxh2+ 43. Kf1 Rf8 44. Re7 Qh1+ 45. Kf2 Qf3+ 46. Kg1 Rxf6 47. Rxb7 Qf1+ 48. Kh2 Rf2+ 49. Kg3 Rg2+ 50. Kh4 Qh1# 0-1

[Event "ASEAN-ch U10 13th"]
[Site "Hue"]
[Date "2012.06.14"]
[Round "4"]
[White "Chua, Xue Kai Alfred"]
[Black "Nguyen, Anh Dung"]
[Result "1-0"]
[WhiteElo "1517"]
[BlackElo "2440"]
[PlyCount "41"]
[EventDate "2012.06.11"]
[EventType "swiss"]
[EventRounds "9"]
[EventCountry "VIE"]
[SourceTitle "CBM 149 Extra"]
[Source "ChessBase"]
[SourceDate "2012.08.24"]
[SourceVersion "1"]
[SourceVersionDate "2012.08.24"]
[SourceQuality "1"]

1. e4 c6 2. d4 d5 3. Nd2 dxe4 4. Nxe4 Bf5 5. Ng3 Bg6 6. h4 h6 7. Nh3 e6 8. Nf4 Bh7 9. c3 Nf6 10. Bd3 Bxd3 11. Qxd3 Nbd7 12. 0-0 Bd6 13. Re1 Bxf4 14. Bxf4 Nd5 15. Bd6 Qxh4 16. Re4 Qd8 17. Rxe6+ Ne7 18. Rxe7+ Qxe7 19. Bxe7 Kxe7 20. Re1+ Kd6 21. Nf5+ 1-0